书目信息 |
| 题名: |
社会主义制度下消费品的供求比例关系研究
|
|
| 作者: | 吴慧 著 | |
| 分册: | ||
| 出版信息: | 上海 上海人民出版社 1982 |
|
| 页数: | 266页 | |
| 开本: | 19cm | |
| 丛书名: | ||
| 单 册: | ||
| 中图分类: | F047.3 | |
| 科图分类: | ||
| 主题词: | 供求关系-消费资料-社会主义经济--研究 , 社会主义经济-消费资料-供求关系--研究 , 消费资料-社会主义经济-供求关系--研究 | |
| 电子资源: | ||
| ISBN: | ||
| 000 | 00792nam0 2200253 45 | |
| 001 | 0182008462 | |
| 005 | 20070728172314.50 | |
| 010 | @dCNY0.71 | |
| 091 | @aCN@b4074.475 | |
| 100 | @a19950517d1982 emky0chiy0121 ea | |
| 101 | 0 | @achi |
| 102 | @aCN@b310000 | |
| 105 | @ay z 000yy | |
| 200 | 10 | @a社会主义制度下消费品的供求比例关系研究@Ashe hui zhu yi zhi du xia xiao fei pin de gong qiu bi li guan xi yan jiu@f吴慧著 |
| 210 | @a上海@c上海人民出版社@d1982 | |
| 215 | @a266页@d19cm | |
| 606 | @a供求关系-消费资料-社会主义经济@x研究 | |
| 606 | @a社会主义经济-消费资料-供求关系@x研究 | |
| 606 | @a消费资料-社会主义经济-供求关系@x研究 | |
| 690 | @aF047.3@v3 | |
| 701 | 0 | @a吴慧@Awu hui@4著 |
| 801 | 0 | @aCN@bTSSF@c20070728 |
| 801 | 2 | @aCN@bNLC@c20060817 |
| 905 | @a10447@dF047.3@e102 | |
| 社会主义制度下消费品的供求比例关系研究/吴慧著.-上海:上海人民出版社,1982 |
| 266页;19cm |
| ISBN :CNY0.71 |
| ● |
| 相关链接 |
|
|
|
|
正题名:社会主义制度下消费品的供求比例关系研究
索取号:F047.3/102
 
预约/预借
| 序号 | 登录号 | 条形码 | 馆藏地/架位号 | 状态 | 备注 |
| 1 | 0465361 | 204653614 | 密集书库/ [索取号:F047.3/102] | 在馆 | |
| 2 | 0785585 | 207855855 | 密集书库/ [索取号:F047.3/102] | 在馆 |